[Event "Internet Section 06A g/8'+2\""]
[Site "Dos Hermanas"]
[Date "2004.03.06"]
[Round "3"]
[White "Szmetan, Jorge"]
[Black "Castaneda, Nelson"]
[Result "1-0"]
[WhiteElo "2404"]
[BlackElo "2288"]
[PlyCount "53"]
[EventDate "2004.03.06"]
[EventType "swiss (blitz)"]
[EventRounds "9"]
[EventCountry "ESP"]
[SourceTitle "CBM 099 Extra"]
[Source "ChessBase"]
[SourceDate "2004.05.04"]
[SourceVersion "1"]
[SourceVersionDate "2004.05.04"]
[SourceQuality "1"]

1. Nf3 d5 2. c4 Nf6 3. cxd5 Nxd5 4. d4 e6 5. e4 Bb4+ 6. Bd2 Bxd2+ 7. Qxd2 Nf6 8. Nc3 0-0 9. Bd3 c5 10. dxc5 Nc6 11. 0-0 e5 12. Bb5 Nd4 13. Nxe5 Nxb5 14. Qxd8 Rxd8 15. Nxb5 Nxe4 16. b4 a6 17. Nc7 Rb8 18. Rfd1 Bf5 19. g4 f6 20. gxf5 fxe5 21. Ne6 Rxd1+ 22. Rxd1 Nc3 23. Rd7 Nxa2 24. Rxg7+ Kh8 25. f6 Nxb4 26. Ng5 Rf8 27. Rxh7+ 1-0

[Event "Internet Section 06B g/8'+2\""]
[Site "Dos Hermanas"]
[Date "2004.03.06"]
[Round "6"]
[White "Szmetan, Jorge"]
[Black "Ostrowski, Leszek"]
[Result "0-1"]
[WhiteElo "2404"]
[BlackElo "2354"]
[PlyCount "118"]
[EventDate "2004.03.06"]
[EventType "swiss (blitz)"]
[EventRounds "9"]
[EventCountry "ESP"]
[SourceTitle "CBM 099 Extra"]
[Source "ChessBase"]
[SourceDate "2004.05.04"]
[SourceVersion "1"]
[SourceVersionDate "2004.05.04"]
[SourceQuality "1"]

1. Nf3 Nf6 2. c4 c5 3. g3 b6 4. Bg2 Bb7 5. 0-0 e6 6. Nc3 Be7 7. e3 0-0 8. d4 cxd4 9. exd4 d5 10. Ne5 Nc6 11. cxd5 exd5 12. Bg5 Na5 13. Re1 h6 14. Bxf6 Bxf6 15. b4 Rc8 16. Nb5 Nc6 17. Nxc6 Rxc6 18. Nxa7 Rc4 19. Nb5 Rxb4 20. a4 Bc6 21. Qd2 Rc4 22. Rec1 Bxb5 23. axb5 Bxd4 24. Ra7 Rxc1+ 25. Qxc1 Qf6 26. Qd2 Rd8 27. h4 h5 28. Kf1 g6 29. f4 Kg7 30. Bf3 Bc3 31. Qd3 Qd4 32. Qxd4+ Bxd4 33. Ke2 Bc5 34. Kd3 Kf6 35. Rb7 Ke6 36. Bd1 f6 37. Bb3 Kf5 38. Rg7 Re8 39. Kd2 Be3+ 40. Kd1 Ke4 41. Rxg6 d4 42. Rxf6 Ra8 43. Rd6 Ra1+ 44. Kc2 Rg1 45. Bd5+ Kf5 46. Be6+ Ke4 47. Bd5+ Kf5 48. Be6+ Ke4 49. f5 d3+ 50. Kb3 d2 51. Bd5+ Ke5 52. Bf3 Kxd6 53. Bxh5 d1Q+ 54. Bxd1 Rxd1 55. g4 Rh1 56. g5 Rxh4 57. g6 Rg4 58. Kc3 Ke7 59. Kd3 Bd4 0-1

[Event "Internet Section 06A g/8'+2\""]
[Site "Dos Hermanas"]
[Date "2004.03.06"]
[Round "6"]
[White "Van den Heever, Donovan"]
[Black "Szmetan, Jorge"]
[Result "0-1"]
[WhiteElo "2035"]
[BlackElo "2404"]
[PlyCount "98"]
[EventDate "2004.03.06"]
[EventType "swiss (blitz)"]
[EventRounds "9"]
[EventCountry "ESP"]
[SourceTitle "CBM 099 Extra"]
[Source "ChessBase"]
[SourceDate "2004.05.04"]
[SourceVersion "1"]
[SourceVersionDate "2004.05.04"]
[SourceQuality "1"]

1. e4 Nf6 2. e5 Nd5 3. d4 d6 4. Nf3 Bg4 5. Be2 c6 6. 0-0 Bxf3 7. Bxf3 dxe5 8. dxe5 e6 9. Qe2 Nd7 10. Be4 Qc7 11. f4 0-0-0 12. c4 Ne7 13. Be3 Nf5 14. Bxf5 exf5 15. Qf2 b6 16. Nc3 Nc5 17. Rad1 Be7 18. Qf3 f6 19. b4 Nd3 20. a3 fxe5 21. fxe5 g6 22. e6 Bf6 23. Nb5 Ne5 24. Nxc7 Nxf3+ 25. gxf3 Kxc7 26. Bf4+ Kc8 27. Bd6 Rhe8 28. Rfe1 Bb2 29. Re3 f4 30. Re4 Bxa3 31. Rdd4 Bxb4 32. Bxb4 Rxd4 33. Rxd4 c5 34. Bxc5 bxc5 35. Rxf4 Rxe6 36. Rf7 a5 37. Ra7 Re1+ 38. Kf2 Rc1 39. Rxa5 Rxc4 40. Ra7 Rh4 41. Kg3 g5 42. Rg7 h6 43. h3 c4 44. Rg6 Kd7 45. Ra6 Kc7 46. Rg6 Rd4 47. Rxh6 c3 48. Ra6 c2 49. Ra1 Rd1 0-1